000 00500nam a2200193Ia 4500
005 20140311163136.0
008 140130s9999 xx 000 0 und d
020 _a0516255401
050 _aQL 100
_b.C425 2004
100 _aCasterline, Linda
_931360
245 _cCasterline, Linda
_aNatural born killers /
260 _bScholastic,
_c2004.
_aNew York :
300 _a48 p. :
_bcol. ill.;
_c24 cm.
440 _v1
_931174
521 _aG5
526 _c780
942 _cBK
_2lcc
999 _c41678
_d41678